A review of climate change and vulnerability indices of Indian states (Record no. 526126)
[ view plain ]
| 000 -LEADER | |
|---|---|
| fixed length control field | 01207nam a22001457a 4500 |
| 008 - FIXED-LENGTH DATA ELEMENTS--GENERAL INFORMATION | |
| fixed length control field | 240510b ||||| |||| 00| 0 eng d |
| 100 ## - MAIN ENTRY--PERSONAL NAME | |
| Personal name | Nandy, S.N. |
| 245 ## - TITLE STATEMENT | |
| Title | A review of climate change and vulnerability indices of Indian states |
| 260 ## - PUBLICATION, DISTRIBUTION, ETC. (IMPRINT) | |
| Place of publication, distribution, etc | Productivity |
| 300 ## - PHYSICAL DESCRIPTION | |
| Extent | 64(4), Jan-Mar, 2024: p.345-354 |
| 520 ## - SUMMARY, ETC. | |
| Summary, etc | The world has achieved a massive economic progress in the past few decades, along with population explosion and rapid urbanization/industrialization the effect of which are being realized across the world as global climate change with huge environmental impact. Though the climate change is a natural phenomenon, the release of several green house gases (GHGs) to the atmosphere through human activities has made a greater contribution to the global warming. The present paper is a review of Indian climate features/trend and their consequences across the country. Recent country-wide trends in some selected climatic parameters like rainfall and temperature have been depicted. Reproduced https://www.academia.edu/117520545/A_review_of_climate_change_and_vulnerability_indices_of_Indian_states |
| 773 ## - HOST ITEM ENTRY | |
| Main entry heading | Productivity |
| 906 ## - LOCAL DATA ELEMENT F, LDF (RLIN) | |
| Subject DIP | CLIMATE CHANGE |
| 942 ## - ADDED ENTRY ELEMENTS (KOHA) | |
| Item type | Articles |
| Withdrawn status | Lost status | Source of classification or shelving scheme | Damaged status | Not for loan | Permanent location | Current location | Date acquired | Serial Enumeration / chronology | Barcode | Date last seen | Koha item type |
|---|---|---|---|---|---|---|---|---|---|---|---|
| Indian Institute of Public Administration | Indian Institute of Public Administration | 2024-05-10 | 64(4), Jan-Mar, 2024: p.345-354 | AR131878 | 2024-05-10 | Articles |
